000 00462nab a2200145Ia 4500
003 ES-SlBCS
005 20210601125506.0
008 140529s2002 xxu||||| |||| 00| 0 eng d
041 _aeng
100 1 _aYancy, George
_9145249
245 0 0 _aPaul Weiss: Addressing Persistent Root Questions Until the Very End
_c George Yancy
600 1 4 _aWeiss, Paul
_9131378
773 0 _tReview of Methaphysics
_gvol. 56/1, nº. 221, 2002, págs. 123-155
_wRev843
942 _cAR
999 _c531201
_d531201